000 00702nam a22002057a 4500
005 20251108170843.0
008 250721s9999 xx 000 0 ara d
082 1 4 _a307.10956/ندو
100 1 _aاومليل، علي
_eتحرير
111 2 _aندوة التنمية البشرية في الوطن العربي (عمان :1993)
245 1 0 _aبحوث و مناقشات الندوة الفكرية /
264 _c[19-].
300 _a259ص
490 0 _aسلسلة الحوارات العربية
650 1 7 _aالتنمية و الإجتماعية و الإقتصادية
650 1 7 _aالتمويل
650 1 7 _aالبلدان العربية
942 _2ddc
_cBK
999 _c50586
_d50586